Волчицы (Запись № 7573971)

Подробности
000 -МАРКЕР
контрольное поле 01436nam0a22003131 4500
001 - ИДЕНТИФИКАТОР ЗАПИСИ
контрольное поле rc\488354
005 - ИДЕНТИФИКАТОР ВЕРСИИ
контрольное поле 20250621103623.0
010 ## - МЕЖДУНАРОДНЫЙ СТАНДАРТНЫЙ НОМЕР КНИГИ (ISBN)
Номер (ISBN) 5-01-001580-3
Тираж 320000
035 ## - ДРУГИЕ СИСТЕМНЫЕ НОМЕРА
Идентификатор записи (NLR Aleph) 005730520
100 ## - ДАННЫЕ ОБЩЕЙ ОБРАБОТКИ
Данные общей обработки 20030616d1988 |||y0rusy50 ca
101 0# - ЯЗЫК РЕСУРСА
Язык текста, звукозаписи и т.д. русский
102 ## - СТРАНА ПУБЛИКАЦИИ ИЛИ ПРОИЗВОДСТВА
Страна публикации Российская Федерация
105 ## - ПОЛЕ КОДИРОВАННЫХ ДАННЫХ: ТЕКСТОВЫЕ МАТЕРИАЛЫ, МОНОГРАФИЧЕСКИЕ
Кодированные данные о монографическом текстовом документе a |||||||||
200 1# - ЗАГЛАВИЕ И СВЕДЕНИЯ ОБ ОТВЕТСТВЕННОСТИ
Основное заглавие Волчицы
Первые сведения об ответственности Пьер Буало, Тома Нарсежак
210 ## - ПУБЛИКАЦИЯ, РАСПРОСТРАНЕНИЕ И ДР.
Место издания, распространения и т.д. М.
Имя издателя, распространителя и т. д. Прогресс
Дата издания, распространения и т.д. 1988
215 ## - ФИЗИЧЕСКАЯ ХАРАКТЕРИСТИКА
Специфическое обозначение материала и объем 412, [2] с.
Другие сведения о физической характеристике ил.
Размеры 21
300 ## - ОБЩИЕ ПРИМЕЧАНИЯ
Текст примечания Загл. пер.: Ловушка для Золушки
300 ## - ОБЩИЕ ПРИМЕЧАНИЯ
Текст примечания На пер. авт. не указаны
423 #0 - ИЗДАЕТСЯ В ОДНОЙ ОБЛОЖКЕ ВМЕСТЕ С ...
Встроенное поле 2001#$aЛифт на эшафот$fНоэль Калеф
-- 700#1$aКалеф$bН.$gНоэль$f1907-1968$3RU\NLR\AUTH\770158005
Заглавие Лифт на эшафот
Автор Калеф, Ноэль (1907-1968)
423 #0 - ИЗДАЕТСЯ В ОДНОЙ ОБЛОЖКЕ ВМЕСТЕ С ...
Встроенное поле 2001#$aЛовушка для Золушки$eРоманы$eПер. с фр.$fСебастьян Жапризо$g[К сб. в целом: Сост. и авт. предисл. Ю.П. Уваров$gХудож. Ю.А. Ноздрин]
-- 700#1$aЖапризо$bС.$gСебастьян
Заглавие Ловушка для Золушки
Автор Жапризо, Себастьян
700 #1 - ИМЯ ЛИЦА - ПЕРВИЧНАЯ ОТВЕТСТВЕННОСТЬ
Начальный элемент ввода Буало
Часть имени, кроме начального элемента ввода П.
Даты 1906-1989
Расширение инициалов личного имени Пьер
701 #1 - ИМЯ ЛИЦА - АЛЬТЕРНАТИВНАЯ ОТВЕТСТВЕННОСТЬ
Начальный элемент ввода Нарсежак
Часть имени, кроме начального элемента ввода Т.
Расширение инициалов личного имени Тома
801 #0 - ИСТОЧНИК ЗАПИСИ
Страна Российская Федерация
Организация NLR
Правила каталогизации psbo
801 #1 - ИСТОЧНИК ЗАПИСИ
Страна Российская Федерация
Организация ELAR
Источник данных rusmarc
852 ## - МЕСТОНАХОЖДЕНИЕ И ШИФР ХРАНЕНИЯ
Идентификатор организации NLR
Шифр хранения (Call Number) 89-3/935
942 ## - ДОПОЛНИТЕЛЬНЫЕ ЭЛЕМЕНТЫ ЗАПИСИ (АБИС)
Тип экземпляра АБИС Книга
980 ## - КОЛЛЕКЦИЯ
Название коллекции Национальная библиография
Экземпляры
Тип экземпляра Дата поступления Библиотека постоянного хранения Библиотека текущего хранения Место хранения Шифр хранения Штрих-код Статус экземпляра Источник поступления
Книга 26.10.2013 РНБ (Московский) РНБ (Московский) Русский книжный фонд: издания с 1957 года 89-3/935 5730520-10    
Книга 17.04.2014 РНБ (Садовая) РНБ (Садовая) Фонд научного зала литературы и искусства Нз Ш6(4Фр)/Б-900 1-458379   Подсобные фонды РНБ
Книга 02.09.2015 РНБ (Фонтанка) РНБ (Фонтанка) Юношеский читальный зал Ю И(Фр./Б-90) 1-1003352   Источник неизвестен